000 00771nam a2200229 a 4500
001 000006568
005 20251017124518.0
008 090901s1999 dr 001 0 spa d
020 _a8493052973
040 _aDO-SdBNP
_bspa
_cBNPHU
082 _a618.89
_bM524s
100 1 _aMella Mejías, César
_d1950-
_9210
245 1 0 _aSalud mental al alcance de todos /
_cCésar Mella Mejías ; prólogo Pedro P. Paredes Vallejo.
260 _aSanto Domingo :
_bBúho,
_c1999.
300 _a334 p. ;
_c24 cm.
500 _aIncluye índice
500 _aIncluye datos biográficos del autor en la solapa
500 _aIncluye notas al pie de las páginas
650 4 _aPsiaquiatria
_918235
650 0 _aSalud mental
_9803
700 1 _aParedes Vallejo, Pedro P.,
_epról.
_918236
999 _c6359
_d6359